Welcome to CU Library Online Public Access Catalogue (OPAC)

taxmann's financial accounting for managers (Record no. 8788)

MARC details
000 -LEADER
fixed length control field 00370nam a2200157 4500
005 - DATE AND TIME OF LATEST TRANSACTION
control field 20260219160151.0
008 - FIXED-LENGTH DATA ELEMENTS--GENERAL INFORMATION
fixed length control field cuc123
020 ## - INTERNATIONAL STANDARD BOOK NUMBER
International Standard Book Number 8171945562
050 ## - LIBRARY OF CONGRESS CALL NUMBER
Classification number HF5636.G 46 GHO
Item number 1
100 ## - MAIN ENTRY--PERSONAL NAME
Personal name GHOSH T.P
245 ## - TITLE STATEMENT
Title taxmann's financial accounting for managers
260 ## - PUBLICATION, DISTRIBUTION, ETC.
Place of publication, distribution, etc. NEW DELHI
Name of publisher, distributor, etc. TAXMANNS
Date of publication, distribution, etc. 2009c
300 ## - PHYSICAL DESCRIPTION
Extent cs.5p
500 ## - GENERAL NOTE
General note appendices<br/>
942 ## - ADDED ENTRY ELEMENTS (KOHA)
Source of classification or shelving scheme Library of Congress Classification
Koha item type Books
Suppress in OPAC No
999 ## -
-- 8788
-- 8788
Holdings
Withdrawn status Lost status Source of classification or shelving scheme Damaged status Not for loan Collection Home library Current library Shelving location Date acquired Total checkouts Full call number Barcode Date last seen Copy number Price effective from Koha item type Public note
    Library of Congress Classification     Non-fiction Graduate Library (Christ Temple) Graduate Library (Christ Temple) General stacks 02/19/2026   HF 5636.G46 GHO GSCT00002667 02/19/2026 1 02/19/2026 Books EAQ
© 2023-2024 Copyright: Central University Libraries. All Rights Reserved | Created by: Mahone Tech Office